Những giải pháp tiện lợi giải quyết thực tế phiền phức : Cách tiếp cận dựa vào hệ sinh thái để giải quyết vấn đề biến đổi khí hậu

Nội dung sách giới thiệu về Ngân hàng thế giới và bảo tồn đa dạng sinh học để góp phần giải quyết vấn đề biến đổi khí hậu. Các hệ sinh thái tự nhiên và giảm nhẹ biến đổi khí hậu. Tiếp cận dựa vào hệ sinh thái, giảm tính dễ tổn...

ver descrição completa

Na minha lista:
Detalhes bibliográficos
Autor Corporativo: Ngân hàng Thế giới
Formato: Livro
Idioma:Undetermined
Publicado em: Hà Nội Ngân hàng thế giới 2010
Assuntos:
Tags: Adicionar Tag
Sem tags, seja o primeiro a adicionar uma tag!
Thư viện lưu trữ: Trung tâm Học liệu Trường Đại học Cần Thơ
LEADER 01555nam a2200205Ia 4500
001 CTU_210987
008 210402s9999 xx 000 0 und d
082 |a 363.73874 
082 |b Ng121 
110 |a Ngân hàng Thế giới 
245 0 |a Những giải pháp tiện lợi giải quyết thực tế phiền phức : 
245 0 |b Cách tiếp cận dựa vào hệ sinh thái để giải quyết vấn đề biến đổi khí hậu 
245 0 |c Ngân hàng Thế giới 
260 |a Hà Nội 
260 |b Ngân hàng thế giới 
260 |c 2010 
520 |a Nội dung sách giới thiệu về Ngân hàng thế giới và bảo tồn đa dạng sinh học để góp phần giải quyết vấn đề biến đổi khí hậu. Các hệ sinh thái tự nhiên và giảm nhẹ biến đổi khí hậu. Tiếp cận dựa vào hệ sinh thái, giảm tính dễ tổn thương. Bảo tồn đa dạng sinh học, an ninh lương thực, nước và đảm bảo sinh kế. Thực thi tiếp cận dựa vào hệ sinh thái để giải quyết các vấn đề về biến đổi khí hậu. 
650 |a Climatic changes,Conservation of natural resources,Ecosystem,Biến đổi khí hậu,Bảo tồn các nguồn tài nguyên thiên nhiên,Hệ sinh thái 
904 |i Qhieu 
980 |a Trung tâm Học liệu Trường Đại học Cần Thơ